NFL 10-0 Starts - Statistics

General Stats
  • This quiz has been taken 51 times
  • The average score is 14 of 15
Answer Stats
Year Start Finish End of Season result Team % Correct
2020 11-0 12-4 48-37 Wildcard loss to Cleveland Browns Pittsburgh Steelers
100%
2009 14-0 14-2 31-17 Super Bowl loss to New Orleans Saints Indianapolis Colts
96%
2005 13-0 14-2 21-18 Divisional loss to Pittsburgh Steelers Indianapolis Colts
96%
1984 11-0 14-2 38-16 Super Bowl loss to San Francisco 49ers Miami Dolphins
96%
1972 14-0 14-0 14-7 Super Bowl win against Washington Redskins Miami Dolphins
96%
2007 16-0 16-0 17-14 Super Bowl loss to New York Giants New England Patriots
96%
1990 10-0 13-3 20-19 Super Bowl win against Buffalo Bills New York Giants
96%
2009 13-0 13-3 31-17 Super Bowl win against Indianapolis Colts New Orleans Saints
93%
1990 10-0 14-2 15-13 NFC Championship loss to New York Giants San Francisco 49ers
93%
2015 14-0 15-1 24-10 Super Bowl loss to Denver Broncos Carolina Panthers
91%
1985 12-0 15-1 46-10 Super Bowl win against New England Patriots Chicago Bears
91%
1991 11-0 14-2 37-24 Super Bowl win against Buffalo Bills Washington Redskins
89%
1998 13-0 14-2 34-19 Super Bowl win against Atlanta Falcons Denver Broncos
82%
1975 10-0 12-2 17-14 Divisional round loss to Dallas Cowboys Minnesota Vikings
82%
2008 10-0 13-3 13-10 Divisinal loss to Baltimore Ravens Tennessee Titans
71%
No matching quizzes found
Score Distribution
Percent of People with Each Score
Percentile by Number Answered
Your Score History
You have not taken this quiz